000 00306nam a2200133Ia 4500
005 20251222155153.0
008 251222s9999||||xx |||||||||||||| ||spa||
082 _aCIE.22
100 _aLehninger Nelson Cox
245 0 _aPrincipios de BioquĂ­mica
250 _a2da. ed.
264 _bOmega
942 _cLIB
999 _c39655
_d39655